Introduction to Mathematical Economics 2/ed (Record no. 344820)
[ view plain ]
| 000 -LEADER | |
|---|---|
| fixed length control field | 00719 a2200217 4500 |
| 003 - CONTROL NUMBER IDENTIFIER | |
| control field | Nust |
| 005 - DATE AND TIME OF LATEST TRANSACTION | |
| control field | 20180117090020.0 |
| 008 - FIXED-LENGTH DATA ELEMENTS--GENERAL INFORMATION | |
| fixed length control field | 170120b xxu||||| |||| 00| 0 eng d |
| 020 ## - INTERNATIONAL STANDARD BOOK NUMBER | |
| International Standard Book Number | 0071125825 |
| 024 ## - OTHER STANDARD IDENTIFIER | |
| Standard number or code | 9780071125826 |
| 040 ## - CATALOGING SOURCE | |
| Transcribing agency | 0 |
| 082 ## - DEWEY DECIMAL CLASSIFICATION NUMBER | |
| Classification number | 510.2433 |
| 100 ## - MAIN ENTRY--PERSONAL NAME | |
| Personal name | Dowling,Edward T. |
| 245 ## - TITLE STATEMENT | |
| Title | Introduction to Mathematical Economics 2/ed |
| Statement of responsibility, etc. | Edward T.Dowling |
| 250 ## - EDITION STATEMENT | |
| Edition statement | 2nd edition |
| 260 ## - PUBLICATION, DISTRIBUTION, ETC. | |
| Place of publication, distribution, etc. | Singapore |
| Name of publisher, distributor, etc. | Schaum's Outline Series |
| Date of publication, distribution, etc. | 1992 |
| 300 ## - PHYSICAL DESCRIPTION | |
| Extent | 485p |
| 500 ## - GENERAL NOTE | |
| General note | Paper cover |
| 942 ## - ADDED ENTRY ELEMENTS (KOHA) | |
| Koha item type | Book |
| Call number prefix | 510.2433 DOW |
| Source of classification or shelving scheme | |
| Withdrawn status | Lost status | Damaged status | Not for loan | Permanent Location | Current Location | Date acquired | Total Checkouts | Full call number | Barcode | Date last seen | Date last checked out | Price effective from | Koha item type |
|---|---|---|---|---|---|---|---|---|---|---|---|---|---|
| Central Library (CL) | Central Library (CL) | 08/28/2013 | 3 | 510.2433 DOW | NBS2720 | 01/04/2019 | 12/24/2018 | 08/28/2013 | Book |
